[Event "Bodensee op"]
[Site "Bregenz"]
[Date "2022.05.24"]
[Round "4"]
[White "Hehle, Bernhard"]
[Black "Fauth, Dietmar"]
[Result "1/2-1/2"]
[WhiteElo "1958"]
[BlackElo "2170"]
[PlyCount "79"]
[EventDate "2022.05.21"]
[EventType "swiss"]
[EventRounds "9"]
[EventCountry "AUT"]
[SourceTitle "CBM 208 Extra"]
[Source "ChessBase"]
[SourceDate "2022.07.31"]
[SourceVersion "1"]
[SourceVersionDate "2022.07.31"]
[SourceQuality "1"]

1. e4 c5 2. Nc3 Nc6 3. Bb5 Nd4 4. Bc4 e6 5. a3 Nf6 6. Ba2 d6 7. d3 Be7 8. Nge2 Nc6 9. f4 a6 10. 0-0 b5 11. Qe1 0-0 12. Nd1 d5 13. e5 Nd7 14. c3 d4 15. Nf2 Nb6 16. Ne4 Nd5 17. Rf3 Re8 18. Rh3 f5 19. exf6 Bxf6 20. c4 bxc4 21. Bxc4 Kh8 22. g4 e5 23. f5 Ne3 24. Bxe3 dxe3 25. Qg3 Nd4 26. Re1 Bb7 27. g5 Nxf5 28. gxf6 Nxg3 29. Ng5 Nxe2+ 30. Rxe2 h6 31. Nf7+ Kh7 32. Nxd8 Raxd8 33. fxg7 Kxg7 34. Rhxe3 e4 35. dxe4 Rd4 36. b3 Re5 37. Rg3+ Rg5 38. e5 Bd5 39. e6 Bxc4 40. Rxg5+ 1/2-1/2

[Event "AUT-chT2W 2122"]
[Site "Austria"]
[Date "2022.03.13"]
[Round "11.2"]
[White "Wohlfahrt, Herbert J"]
[Black "Hehle, Bernhard"]
[Result "1-0"]
[WhiteElo "2311"]
[BlackElo "1950"]
[PlyCount "91"]
[EventDate "2021.10.15"]
[EventType "team-tourn"]
[EventRounds "11"]
[EventCountry "AUT"]
[SourceTitle "EXT 2023"]
[Source "ChessBase"]
[SourceDate "2022.10.05"]
[SourceVersion "1"]
[SourceVersionDate "2022.10.05"]
[SourceQuality "1"]
[WhiteTeam "Schach ohne Grenzen"]
[BlackTeam "Hoerbranz"]
[WhiteTeamCountry "AUT"]
[BlackTeamCountry "AUT"]

1. Nf3 g6 2. e4 Bg7 3. d4 d6 4. c3 Nd7 5. Bc4 e6 6. Be3 Ne7 7. Nbd2 d5 8. Be2 dxe4 9. Nxe4 b6 10. Qc2 Bb7 11. 0-0 0-0 12. a4 h6 13. Ng3 Nf5 14. Nxf5 exf5 15. a5 Qf6 16. Bf4 g5 17. Be5 Nxe5 18. Nxe5 c5 19. Bf3 Bxf3 20. Nxf3 Qg6 21. axb6 axb6 22. d5 f4 23. Qb3 g4 24. Nd2 h5 25. Nc4 Rxa1 26. Rxa1 Rb8 27. Qb5 h4 28. Qd7 h3 29. Qd6 Qxd6 30. Nxd6 Rd8 31. Nf5 hxg2 32. Kxg2 Kh7 33. Rd1 Bf6 34. f3 g3 35. hxg3 fxg3 36. Kxg3 Re8 37. Kf2 Kg6 38. Nd6 Bh4+ 39. Kg2 Re2+ 40. Kh3 Bf6 41. Rg1+ Kh5 42. Nc4 Bh4 43. Rg4 Be1 44. d6 Re3 45. d7 Rxf3+ 46. Kg2 1-0

[Event "AUT-chT2W 2021"]
[Site "Austria"]
[Date "2020.10.10"]
[Round "2.4"]
[White "Notegger, Peter"]
[Black "Hehle, Bernhard"]
[Result "1/2-1/2"]
[WhiteElo "1952"]
[BlackElo "1959"]
[PlyCount "54"]
[EventDate "2020.10.09"]
[EventType "team-tourn"]
[EventRounds "11"]
[EventCountry "AUT"]
[SourceTitle "CBM 199 Extra"]
[Source "ChessBase"]
[SourceDate "2021.01.31"]
[SourceVersion "1"]
[SourceVersionDate "2021.01.31"]
[SourceQuality "1"]
[WhiteTeam "Wolfurt"]
[BlackTeam "Hoerbranz"]
[WhiteTeamCountry "AUT"]
[BlackTeamCountry "AUT"]

1. d4 c5 2. e3 cxd4 3. exd4 d5 4. Bd3 Nc6 5. c3 e5 6. dxe5 Nxe5 7. Bb5+ Nc6 8. Be3 Be6 9. Qa4 Qc7 10. Ne2 Bd6 11. Nd2 Nge7 12. Nf3 Bd7 13. Rd1 a6 14. Bxc6 bxc6 15. h3 0-0 16. Qc2 Bf5 17. Qc1 Rfe8 18. 0-0 Rab8 19. Bf4 Nc8 20. Bxd6 Nxd6 21. Ng3 Bg6 22. b3 Qa5 23. Qb2 Nc4 24. Qc1 Nd6 25. Qb2 Nc4 26. Qc1 Nd6 27. Qb2 Nc4 1/2-1/2

[Event "AUT-chT2W 1920"]
[Site "Austria"]
[Date "2019.11.23"]
[Round "4.4"]
[White "Schlichtmann, Robin"]
[Black "Hehle, Bernhard"]
[Result "1-0"]
[WhiteElo "2212"]
[BlackElo "1962"]
[PlyCount "91"]
[EventDate "2019.10.04"]
[EventType "team-tourn"]
[EventRounds "11"]
[EventCountry "AUT"]
[SourceTitle "CBM 193 Extra"]
[Source "ChessBase"]
[SourceDate "2020.01.31"]
[SourceVersion "1"]
[SourceVersionDate "2020.01.31"]
[SourceQuality "1"]
[WhiteTeam "Kufstein/Woergl"]
[BlackTeam "Hoerbranz"]
[WhiteTeamCountry "AUT"]
[BlackTeamCountry "AUT"]

1. e4 c6 2. d4 d5 3. f3 dxe4 4. fxe4 e5 5. Nf3 exd4 6. Bc4 Be6 7. Bxe6 fxe6 8. 0-0 Bd6 9. Nxd4 Qh4 10. g3 Bxg3 11. Nf3 Bxh2+ 12. Nxh2 Qxe4 13. Rf4 Qe5 14. Ng4 Qc7 15. Qe1 Ne7 16. Qxe6 Nd7 17. Be3 0-0-0 18. Qxe7 h5 19. Nh2 Rhe8 20. Qa3 g5 21. Rf3 Ne5 22. Nd2 Nxf3+ 23. Ndxf3 g4 24. Ne1 h4 25. Nf1 Rf8 26. Qb4 Kb8 27. Ng2 Ka8 28. Qxg4 Rg8 29. Qxh4 Qg7 30. Qf2 Rdf8 31. Qd2 Rd8 32. Qf2 Rdf8 33. Qe2 Qxb2 34. Rd1 Qxa2 35. Bd4 Qd5 36. Nfe3 Qg5 37. Ra1 c5 38. Bc3 Re8 39. Bd2 Qe5 40. Rb1 Rh8 41. Qf3 Qh2+ 42. Kf2 Rhf8 43. Nf5 Qc7 44. Bf4 Qd7 45. Nd6 Re7 46. Rxb7 1-0

[Event "Bodensee op"]
[Site "Bregenz"]
[Date "2019.05.31"]
[Round "7"]
[White "Hehle, Bernhard"]
[Black "Meertens, Martin"]
[Result "0-1"]
[WhiteElo "1927"]
[BlackElo "2174"]
[PlyCount "42"]
[EventDate "2019.05.25"]
[EventType "swiss"]
[EventRounds "9"]
[EventCountry "AUT"]
[SourceTitle "CBM 190 Extra"]
[Source "ChessBase"]
[SourceDate "2019.07.15"]
[SourceVersion "1"]
[SourceVersionDate "2019.07.15"]
[SourceQuality "1"]

1. e4 c5 2. Nc3 Nc6 3. f4 g6 4. Nf3 Bg7 5. Bc4 e6 6. 0-0 Nge7 7. Qe1 0-0 8. a3 d5 9. Ba2 Nd4 10. Nxd4 cxd4 11. Nd1 dxe4 12. Qxe4 Qc7 13. c3 Bd7 14. cxd4 Bc6 15. Qe2 Nf5 16. d5 exd5 17. Nc3 Rfe8 18. Qd1 Qe7 19. b4 d4 20. Nd5 Qd7 21. Qb3 Rab8 0-1

[Event "Bodensee op"]
[Site "Bregenz"]
[Date "2019.05.27"]
[Round "3"]
[White "Hehle, Bernhard"]
[Black "Dittmar, Peter"]
[Result "1/2-1/2"]
[WhiteElo "1927"]
[BlackElo "2262"]
[PlyCount "27"]
[EventDate "2019.05.25"]
[EventType "swiss"]
[EventRounds "9"]
[EventCountry "AUT"]
[SourceTitle "CBM 190 Extra"]
[Source "ChessBase"]
[SourceDate "2019.07.15"]
[SourceVersion "1"]
[SourceVersionDate "2019.07.15"]
[SourceQuality "1"]

1. e4 c6 2. d4 d5 3. exd5 cxd5 4. c4 Nf6 5. Nf3 e6 6. a3 b6 7. Nc3 Be7 8. Bf4 a6 9. Rc1 0-0 10. b4 dxc4 11. Bxc4 Bb7 12. 0-0 Nd5 13. Nxd5 Bxd5 14. Bc7 1/2-1/2

[Event "Liechtenstein op 31st"]
[Site "Triesen"]
[Date "2013.05.05"]
[Round "3"]
[White "Kuhn, Thomas"]
[Black "Hehle, Bernhard"]
[Result "1-0"]
[WhiteElo "2158"]
[BlackElo "1944"]
[PlyCount "69"]
[EventDate "2013.05.03"]
[EventType "swiss"]
[EventRounds "9"]
[EventCountry "LIE"]
[SourceTitle "CBM 154 Extra"]
[Source "ChessBase"]
[SourceDate "2013.06.25"]
[SourceVersion "2"]
[SourceVersionDate "2013.06.25"]
[SourceQuality "1"]

1. d4 g6 2. e4 d6 3. Nf3 Bg7 4. Bc4 Nf6 5. Qe2 0-0 6. e5 Ne8 7. 0-0 d5 8. Bb3 b6 9. c4 c6 10. Rd1 Nc7 11. Nbd2 Nba6 12. Nf1 dxc4 13. Bxc4 Nb4 14. Bd2 Nbd5 15. Rac1 a5 16. Qe4 b5 17. Be2 Bb7 18. Qh4 f5 19. Ng5 h6 20. Nh3 f4 21. Bd3 g5 22. Nxg5 e6 23. Nf3 Nb4 24. Bb1 Ncd5 25. a3 Na6 26. Qxd8 Raxd8 27. Bxa5 Rd7 28. N1d2 c5 29. dxc5 Nxc5 30. Rxc5 Ne3 31. fxe3 fxe3 32. Rc7 Bxf3 33. gxf3 Rd5 34. Be4 Rxe5 35. Rxg7+ 1-0

[Event "Liechtenstein op 31st"]
[Site "Triesen"]
[Date "2013.05.03"]
[Round "1"]
[White "Sedina, Elena"]
[Black "Hehle, Bernhard"]
[Result "1-0"]
[WhiteElo "2321"]
[BlackElo "1944"]
[PlyCount "63"]
[EventDate "2013.05.03"]
[EventType "swiss"]
[EventRounds "9"]
[EventCountry "LIE"]
[SourceTitle "CBM 154 Extra"]
[Source "ChessBase"]
[SourceDate "2013.06.25"]
[SourceVersion "2"]
[SourceVersionDate "2013.06.25"]
[SourceQuality "1"]

1. e4 Nf6 2. e5 Nd5 3. d4 d6 4. Bc4 dxe5 5. dxe5 c6 6. Nc3 e6 7. Qf3 Nd7 8. Qg3 Qc7 9. f4 b5 10. Nxd5 cxd5 11. Bd3 Bb4+ 12. c3 Bxc3+ 13. Ke2 Nxe5 14. Bxb5+ Bd7 15. Bxd7+ Qxd7 16. bxc3 Qb5+ 17. Kd1 Qa4+ 18. Ke1 Qe4+ 19. Ne2 Nc4 20. Kf2 0-0 21. Nd4 e5 22. Re1 exf4 23. Bxf4 Qg6 24. Qxg6 fxg6 25. Ne6 Rf6 26. Kg3 Rc8 27. h4 Nd6 28. Bxd6 Rxc3+ 29. Kh2 Rc6 30. Rab1 Rxd6 31. Rb8+ Kf7 32. Ng5# 1-0

[Event "Liechtenstein op 30th"]
[Site "Triesen"]
[Date "2012.05.11"]
[Round "1"]
[White "Hehle, Bernhard"]
[Black "Froewis, Georg"]
[Result "0-1"]
[WhiteElo "1917"]
[BlackElo "2363"]
[PlyCount "46"]
[EventDate "2012.05.11"]
[EventType "swiss"]
[EventRounds "9"]
[EventCountry "LIE"]
[SourceTitle "CBM 148 Extra"]
[Source "ChessBase"]
[SourceDate "2012.06.22"]
[SourceVersion "1"]
[SourceVersionDate "2012.06.22"]
[SourceQuality "1"]

1. e4 c5 2. Nc3 g6 3. f4 Bg7 4. Nf3 Nc6 5. a4 e6 6. e5 d5 7. d4 Nge7 8. Nb5 0-0 9. dxc5 f6 10. Nd6 fxe5 11. Nxc8 Rxc8 12. fxe5 Nxe5 13. Be2 Qa5+ 14. Qd2 Qxc5 15. Nd4 Nd3+ 16. Qxd3 Bxd4 17. c3 Bf2+ 18. Kd1 d4 19. Bd2 dxc3 20. Rc1 Rfd8 21. Qxc3 Qd5 22. Bf3 Rxc3 23. Bxd5 Rxc1+ 0-1

[Event "Liechtenstein op 29th"]
[Site "Triesen"]
[Date "2011.05.27"]
[Round "1"]
[White "Hehle, Bernhard"]
[Black "Rahls, Peter"]
[Result "1/2-1/2"]
[WhiteElo "1894"]
[BlackElo "2263"]
[PlyCount "99"]
[EventDate "2011.05.27"]
[EventType "swiss"]
[EventRounds "9"]
[EventCountry "LIE"]
[SourceTitle "CBM 142 Extra"]
[Source "ChessBase"]
[SourceDate "2011.06.27"]
[SourceVersion "1"]
[SourceVersionDate "2011.06.27"]
[SourceQuality "1"]

1. e4 c5 2. Nc3 e6 3. f4 a6 4. Nf3 b5 5. g3 Bb7 6. d3 d5 7. e5 Ne7 8. Bg2 Nf5 9. g4 Nh4 10. Kf2 Nc6 11. Kg3 Nxg2 12. Kxg2 Be7 13. Qe1 Rc8 14. Ne2 d4 15. Ng3 Bh4 16. Qe2 Bxg3 17. hxg3 Nb4 18. Rf1 c4 19. Bd2 cxd3 20. cxd3 Nc2 21. Rac1 0-0 22. Kh3 Qd5 23. b3 h6 24. f5 exf5 25. gxf5 Ne3 26. Bxe3 dxe3 27. Rxc8 Bxc8 28. g4 Rd8 29. Qxe3 Qxd3 30. Qxd3 Rxd3 31. Kg3 h5 32. gxh5 Bxf5 33. Kf4 Be6 34. Rc1 Kf8 35. Ke4 Rd8 36. Nd4 Bd5+ 37. Kf4 g6 38. hxg6 fxg6 39. Kg5 Bf7 40. Rd1 Kg8 41. Kf6 a5 42. e6 Be8 43. Rd2 b4 44. Ke7 Ra8 45. Rf2 Kg7 46. Rf8 Ra7+ 47. Kxe8 Ra8+ 48. Kd7 Ra7+ 49. Ke8 Ra8+ 50. Kd7 1/2-1/2

[Event "AUT-chT2W 9495"]
[Site "Austria"]
[Date "1994.??.??"]
[Round "?.5"]
[White "Brugger, Hugo"]
[Black "Hehle, Bernhard"]
[Result "1-0"]
[WhiteElo "1915"]
[BlackElo "1750"]
[PlyCount "73"]
[EventDate "1994.??.??"]
[EventType "team"]
[EventRounds "9"]
[EventCountry "AUT"]
[SourceTitle "EXT 1999"]
[Source "ChessBase"]
[SourceDate "1998.11.16"]
[SourceVersion "1"]
[SourceVersionDate "1998.11.16"]
[SourceQuality "1"]

1. e4 Nf6 2. e5 Nd5 3. c4 Nb6 4. c5 Nd5 5. Bc4 e6 6. d4 d6 7. cxd6 cxd6 8. Nf3 dxe5 9. dxe5 Bb4+ 10. Bd2 Bxd2+ 11. Qxd2 0-0 12. 0-0 Nb6 13. Bb3 Qxd2 14. Nbxd2 Rd8 15. Ne4 Nc6 16. Rfd1 Nd5 17. Rd2 b6 18. Rc1 Nce7 19. Nd6 f6 20. exf6 gxf6 21. Nxc8 Raxc8 22. Re1 Kf7 23. Rde2 Rd6 24. g3 Rc5 25. Nd2 Rdc6 26. Ne4 Rc1 27. Nd6+ Kg6 28. Rxc1 Rxc1+ 29. Kg2 e5 30. Rd2 Nb4 31. Nb5 Nbc6 32. Rd7 h5 33. Nxa7 Nxa7 34. Rxe7 Nb5 35. Rb7 e4 36. Bf7+ Kg5 37. h4+ 1-0